00560nam a2200193 a 4500001001300000003000900013005001700022008004100039020002300080082001600103100001900119245006000138260004900198300000900247500003500256505003600291650002000327700001900347nice12345678IN_TiNIC20260116012742.0050524s1991 alba grp 000 0 eng  a079148X c10000a160.92bABE aAbed, Shukri B aAristotelian Logic and the Arabic Language in Al-Farabi aAlbany bState University of New York c1991 a201p aincludes index and biblioraphy2 aBibliography, Index, Appendices aAristotle-Logic1 aAbed, Shukri B